000 00292nam a2200133Ia 4500
008 230312s9999||||xx |||||||||||||| ||und||
082 _a891.4
_bYOU-M
100 _aYounis, Dr. Muhammad
245 0 _aMazah Pursi
260 _bSangeMeel
300 _a125
650 _aLiterature
942 _cBK
999 _c8722
_d8722